Poznatky z využívania systémových prostriedkov a postupov v úlohách spoločenskej praxe
Oboznámenie účastníkov konferencie s poznatkami z využívania systémových prostriedkov a postupov, akými sú metóda matematicko-logického modelovania a modelovanie transformačného systému v úlohách spoločenskej praxe. Metóda má interdisciplinárny charakter a tým aj neuveriteľnú šírku použitia.
Enregistré dans:
| Auteur principal: | |
|---|---|
| Format: | Chapitre de livre |
| Langue: | slovaque |
| Sujets: | |
| Tags: |
Pas de tags, Soyez le premier à ajouter un tag!
|
MARC
| LEADER | 00000naa$a2200000$$$4500 | ||
|---|---|---|---|
| 001 | 0027476 | ||
| 005 | 20221128113227.6 | ||
| 041 | 0 | |a slo | |
| 044 | |a SK | ||
| 245 | 1 | 0 | |a Poznatky z využívania systémových prostriedkov a postupov v úlohách spoločenskej praxe |c Margita Mozoliková |
| 520 | |a Oboznámenie účastníkov konferencie s poznatkami z využívania systémových prostriedkov a postupov, akými sú metóda matematicko-logického modelovania a modelovanie transformačného systému v úlohách spoločenskej praxe. Metóda má interdisciplinárny charakter a tým aj neuveriteľnú šírku použitia. | ||
| 610 | 2 | 0 | |a ekonómia matematická |
| 610 | 2 | 0 | |a modelovanie matematické |
| 610 | 2 | 0 | |a metódy |
| 610 | 2 | 0 | |a teória poznania |
| 610 | 2 | 0 | |a teória a prax |
| 610 | 2 | 0 | |a procesy podnikové |
| 610 | 2 | 0 | |a proces výrobný |
| 610 | 2 | 0 | |a normy ISO |
| 100 | 1 | |a Mozoliková, Margita | |